000 00480nam a2200181Ia 4500
001 16942
005 20260306170348.0
008 260306t2012||||xx |||||||||||||| ||und||
041 _aESP
082 _a657.3
_bR68
100 _aRivero Torre, Pedro
_eAUT
245 0 _aAnálisis de balances y estados complementarios:
_bejercicios resueltos y comentados
260 _c2012
300 _a411 páginas :
_c24 cm.
650 _aGEN
654 _aCCO
942 _cLIB
_dJUS
_fJUS
_2ddc
_n
999 _c16942
_d16942